| 000 | 00910nam a2200253 a 4500 | ||
|---|---|---|---|
| 001 | 000013683 | ||
| 003 | DO-SdBNP | ||
| 005 | 20250416092542.0 | ||
| 007 | ta | ||
| 008 | 091127e1998 dr ad fr 001 edspa d | ||
| 040 |
_aDO-SdBNP _bspa _cBNPHU |
||
| 082 | 4 |
_a304.6021 _bN583h _222 |
|
| 100 | 1 |
_aNicasio, Irma _931121 |
|
| 245 | 1 | 0 |
_aHistoria, metodología y organización de los censos en República Dominicana 1920-1993 / _cIrma Nicasio, Jesús de la Rosa. |
| 260 |
_aSanto Domingo : _bONE, _c1998 |
||
| 300 |
_a129, [12] p. : _bil., gráf. ; _c21 cm. |
||
| 500 | _aIncluye datos biográficos de los autores en las solapas de las cubiertas | ||
| 590 | _aInventariado 2023 / MF | ||
| 650 | 0 |
_aCensos _bOrganización _zRepública Dominicana _931122 |
|
| 700 | 1 |
_aRosa, Jesús de la _919724 |
|
| 710 | 1 |
_aRepública Dominicana. _bOficina Nacional de Estadística _95775 |
|
| 910 | _aMFeliz | ||
| 942 |
_2ddc _cLBS1 |
||
| 999 |
_c13296 _d13296 |
||